| 000 | 00659nam a2200217 a 4500 | ||
|---|---|---|---|
| 999 |
_c12667 _d12667 |
||
| 001 | 12667 | ||
| 003 | BD-JhCC | ||
| 005 | 20221112092342.0 | ||
| 008 | 221112s2022 bg |||| |||| 000 0 ban d | ||
| 020 | _a9789849619352 | ||
| 035 | _a(BD-JhCC)12667 | ||
| 040 |
_aBD-JhCC _dBD-JhCC |
||
| 041 | _aBangla | ||
| 082 |
_a891.4435 _bNOY 2022 |
||
| 100 | _aনয়ন, আল কাফি | ||
| 245 |
_aরাজকীয় উৎসর্গ / _cআল কাফি নয়ন |
||
| 260 |
_aঢাকা : _bভূমিপ্রকাশ, _c২০২২ |
||
| 300 |
_a৩২০ পৃ. : _c২১ সেমি. |
||
| 650 | _aShort story | ||
| 942 |
_2ddc _cBK |
||